|
|
|
|
| LEADER |
00000cam a22000004a 4500 |
| 001 |
musev2_6829 |
| 003 |
MdBmJHUP |
| 005 |
20230905040807.0 |
| 006 |
m o d |
| 007 |
cr||||||||nn|n |
| 008 |
050817s2006 iau o 00 0 eng d |
| 010 |
|
|
|z 2005053862
|
| 020 |
|
|
|a 9781587296741
|
| 020 |
|
|
|z 9780877459804
|
| 035 |
|
|
|a (OCoLC)645294267
|
| 040 |
|
|
|a MdBmJHUP
|c MdBmJHUP
|
| 050 |
0 |
4 |
|a PS3618.O84425
|b R39 2006
|
| 082 |
0 |
|
|a 811/.6
|2 22
|
| 100 |
1 |
|
|a Rosko, Emily,
|d 1979-
|
| 245 |
1 |
0 |
|a Raw Goods Inventory /
|c Emily Rosko.
|
| 264 |
|
1 |
|a Iowa City :
|b University of Iowa Press,
|c 2006.
|
| 264 |
|
3 |
|a Baltimore, Md. :
|b Project MUSE,
|c 2012
|
| 264 |
|
4 |
|c ©2006.
|
| 300 |
|
|
|a 1 online resource (94 pages).
|
| 336 |
|
|
|a text
|b txt
|2 rdacontent
|
| 337 |
|
|
|a computer
|b c
|2 rdamedia
|
| 338 |
|
|
|a online resource
|b cr
|2 rdacarrier
|
| 490 |
0 |
|
|a Winner of the Iowa poetry prize
|
| 505 |
0 |
|
|a I: Clearing the yard -- Aquatic -- What's discovered is wiped out -- Vigilance -- What closes -- Wave factor -- Sketch -- Any good scientist could tell you -- Clockwork -- Send word to the glue factory -- A chameleon -- II: Tongues -- Ventriloquized bodies -- The toy divine(s) -- Pigskin -- Insulation -- The dandelions went -- Conduct -- Three constructions -- Lives of astrologers -- Hot air -- Conniption fit -- At the sushi arcade -- Raw goods inventory -- III: Hanging out the wash -- A sorry concept, that town -- Dzien dobry -- In the land of sleeping people -- Entry -- Sleeping bear dunes -- Before surgery -- Episodes -- Bundle -- Pall -- Telluric -- Sanctuary -- IV: Spare -- An opening onto -- Spectrum -- Elephant -- Less art, more monkeys -- Resort -- Glossitic -- Our lady of appearances -- Blind feel -- Occasionally she, you -- Slip -- Measures -- Deduction -- Even before your elbow knocked over the glass.
|
| 588 |
|
|
|a Description based on print version record.
|
| 655 |
|
7 |
|a Electronic books.
|2 local
|
| 710 |
2 |
|
|a Project Muse.
|e distributor
|
| 830 |
|
0 |
|a Iowa poetry prize.
|
| 830 |
|
0 |
|a Book collections on Project MUSE.
|
| 856 |
4 |
0 |
|z Texto completo
|u https://projectmuse.uam.elogim.com/book/6829/
|
| 945 |
|
|
|a Project MUSE - Custom Collection
|
| 945 |
|
|
|a Project MUSE - Archive Complete Foundation
|
| 945 |
|
|
|a Project MUSE - Archive Poetry, Fiction and Creative Non-Fiction Foundation
|